000 00743nam a2200265Ia 4500
003 OSt
005 20221005092822.0
006 a|||||r|||| 00| 0
007 ta
008 221004b |||||||| |||| 00| 0 eng d
024 _a103706
037 _cTextual
040 _aCRL
_cCRL
_beng
041 _2eng
_aeng
082 _aC:(B28), L4
100 _aSchieve W C
_9617801
245 0 _aLectures in statistical physics
260 _aNew York
_bSpringer-Verlag
_c1974
490 _aLecture nates in physics. Lecture Notes in physics. no. 28
500 _aDSK Collection
650 _aPHYSICS
700 _a Turner J S
_9617802
942 _hC:(B28), L4
_cTEXL
_2cc
999 _c999398
_d999398